OECD framework for statistics on the distribution of household income, consumption and wealth

Gespeichert in:
Bibliographische Detailangaben
Format: Buch
Sprache:Englisch
Veröffentlicht: Paris OECD 2013
Schlagworte:
Tags: Tag hinzufügen
Keine Tags, Fügen Sie das erste Tag hinzu!

MARC

LEADER 00000nam a2200000 4500
001 0177643
005 20240315121031.5
020 |a 978-92-64-19482-3 
041 0 |a eng 
044 |a FR 
245 1 0 |a OECD framework for statistics on the distribution of household income, consumption and wealth 
264 1 |a Paris  |b OECD  |c 2013 
300 |a 232 s. 
610 2 0 |a príjmy obyvateľstva 
610 2 0 |a spotreba domácností 
610 2 0 |a blahobyt 
610 2 0 |a úroveň životná 
610 2 0 |a podmienky životné 
610 2 0 |a úspory obyvateľstva 
610 2 0 |a údaje štatistické